000 00834nam a2200229 a 4500
003 AM-YEHGA
005 20250617164811.0
008 121214s1962 ||||||||||||||||||||rus d
040 _aAM-YeHGA
041 0 _arus
245 0 0 _aМономицин и его применение в клинике /
_cПод ред. Г.Ф. Гаузе; АМН СССР .
260 _aМосква :
_bМедгиз,
_c1962.
300 _a188 с. :
_bил., табл.
650 1 4 _aАнтибиотики
_xМономицин
650 1 4 _aАнтибактериальные средства
650 1 4 _aХимиотерапевтические препараты
700 1 _aГаузе, Г.Ф.
_eред.
_4edt
710 2 _aАкадемия медицинских наук СССР
942 _2udc
_cBK
001 1827111
090 _c568207
999 _c529721
_d529721